000 02559cam a2200421 i 4500
001 200468086
003 TR-AnTOB
005 20260413162327.0
007 ta
008 260413s1969 nyu 000 f eng
010 _a 69014730
035 _a(CU-S)b13016866-01ucs_sdi
035 _a(OCoLC)00005143
_z(OCoLC)909963
_z(OCoLC)2291255
_z(OCoLC)6497093
_z(OCoLC)1030083827
_z(OCoLC)1166449241
_z(OCoLC)1166573236
_z(OCoLC)1249597097
035 _a(OCoLC)ocm00005143
035 _a(EXLNZ-01UCS_NETWORK)9912379125406531
035 _a(TR-AnTOB)200468086
040 _aDLC
_beng
_erda
_cDLC
_dBAKER
_dNLGGC
_dBTCTA
_dZAD
_dCIRBC
_dOCLCA
_dDEBBG
_dOCLCQ
_dTNF
_dOCLCO
_dOCLCQ
_dSWW
_dOCLCO
_dOVY
_dOCLCO
_dWVX
_dGGB
_dOCLCF
_dOCLCO
_dOCLCQ
_dOCLCO
_dTC@
_dOCLCO
_dOCLCQ
_dCSJ
_dOCLCO
_dOCLCQ
_dPAU
_dOCLCQ
_dHIR
_dMAFCI
_dOCLCQ
_dNZ1
_dMLM
_dTYC
_dCPS
_dOCLCO
_dXFF
_dQE2
_dCSO
_dLENOT
_dOCLCO
_dCPO
_dCBA
_dOCLCO
_dEVV
_dOCLCO
_dLD4
_dALAUL
_dDLC
_dMMM
_dU9X
_dOCLCQ
_dOCLCO
_dYBM
_dOCLCO
_dOCLCL
_dWTU
_dOCLCO
_dOCLCL
_dYBM
_dOCLCO
_dTR-AnTOB
041 0 _aeng
043 _an-us-ny
050 0 0 _aPS3505.H6428
_bB8 1969
090 _aPS3505.H6428
_bB8 1969
100 1 _aCheever, John
_eauthor
_4aut
_0http://id.loc.gov/authorities/names/n78089819
_9153618
245 1 0 _aBullet Park :
_ba novel /
_cby John Cheever.
250 _aFirst edition.
264 1 _aNew York :
_bAlfred A. Knopf,
_c1969.
300 _a245 pages ;
_c22 cm
336 _atext
_btxt
_2rdacontent
337 _aunmediated
_bn
_2rdamedia
338 _avolume
_bnc
_2rdacarrier
520 _a"Welcome to Bullet Park, a township in which even the most buttoned-down gentry sometimes manage to terrify themselves simply by looking in the mirror. In these exemplary environs John Cheever traces the fateful intersection of two men: Eliot Nailles, a nice fellow who loves his wife and son to blissful distraction, and Paul Hammer, a bastard named after a common household tool, who, after half a lifetime of drifting, settles down in Bullet Park with one objective -- to murder Nailles's son. Here is the lyrical and mordantly funny hymn to the American suburb -- and to all the dubious normalcy it represents ... "--From Amazon.com.
650 0 _aViolence
_zNew York (State)
_zNew York
_vFiction
_9153619
650 0 _aFamilies
_zNew York (State)
_zNew York
_vFiction
_9116536
655 7 _aDomestic fiction
_2lcgft
_0http://id.loc.gov/authorities/genreForms/gf2014026295
_9116540
655 7 _aFiction
_2lcgft
_0https://id.loc.gov/authorities/genreForms/gf2014026339
_9151487
942 _2lcc
_cBK
999 _c200468086
_d86298